Política y administración provincial : la Diputación de Córdoba : 1925-1991 / Ma. del Carmen Martínez Hernández la Diputación de Córdoba :
ISBN:
84-8154-071-4
Descripción Física:
2 v. 522, 322 p. : il., taules ; 24 cm
MARC
| LEADER | 00000nam a2200000Ia 4500 | ||
|---|---|---|---|
| 001 | 17187, 17188 | ||
| 008 | 160829s2004 xx 000 0 cat d | ||
| 020 | |a 84-8154-071-4 | ||
| 080 | |a M-5-183, M-5-184 | ||
| 100 | |a Martínez Hernández, Ma. del Carmen |9 33307 | ||
| 245 | |a Política y administración provincial : |b la Diputación de Córdoba : |b 1925-1991 / Ma. del Carmen Martínez Hernández | ||
| 260 | |a [Córdoba] : |b Diputación Provincial de Córdoba, |c 2004 | ||
| 300 | |a 2 v. 522, 322 p. : |b il., taules ; |c 24 cm | ||
| 610 | 1 | 0 | |a Còrdova (Andalusia : Província). |b Diputación |9 52723 |
| 901 | |a Arxiu | ||
| 942 | |n 1 | ||
| 952 | |0 0 |1 0 |4 0 |6 M5183_M5184 |7 1 |9 43039 |a Arxiu |b Arxiu |d 2016-12-01 |l 0 |o M-5-183, M-5-184 |p 17187, 17188 |r 2016-12-01 00:00:00 |w 2016-12-01 |y ARXIU | ||
| 999 | |c 45583 |d 45583 | ||